Zvukové nahrávky
Uloženo v:
LEADER 02940njm a2200661 i 4500
001 001887970
003 CZ BrMZK
005 20240430144945.0
007 sd fungnnmmned
008 240301p20122009xr munng f n cze
015 |a cnb003586297 
040 |a BOA001  |b cze  |e rda 
041 0 |d cze  |g cze 
045 |a y0y1 
047 |a bl  |a jz  |a pp  |a rc 
072 7 |a 78.011.26  |x Populární hudba. Populární písně. Populární taneční hudba  |2 Konspekt  |9 9 
080 |a 78.03.011.26  |2 MRF 
080 |a 78.036.9.011.26  |2 MRF 
080 |a 784.4  |2 MRF 
080 |a 78.036.011.26  |2 MRF 
080 |a (086.76)  |2 MRF 
245 0 0 |a Radotínská hudební scéna :  |b 2012 
264 1 |a [Praha] :  |b [Úřad městské části Praha 16],  |c [2012] 
300 |a 2 CD audio ;  |c 12 cm 
336 |a hraná hudba  |b prm  |2 rdacontent 
337 |a audio  |b s  |2 rdamedia 
338 |a audiodisk  |b sd  |2 rdacarrier 
344 |a digital  |b optical  |2 rda 
347 |a audio soubor  |b CD audio  |2 rda 
500 |a Název z disku 
500 |a Informace o hudebnících (14 stran) v pouzře 
500 |a Neprodejné 
505 0 0 |t Transplantace času --  |t Total gym --  |t Hej čerte --  |t Leto --  |t Někdo --  |t Bludnej kruh --  |t Je mi zima --  |t Žáby --  |t Já tedy ne --  |t 1960 --  |t Samba rumba Radotína --  |t Irský čaj - Stonenhenge --  |t Co se stalo se starým světem --  |t No tak --  |t Kočovná --  |t Neckyáda --  |t Jako pes --  |t Vánoční čaj - vzpomínka na Finsko --  |t Já a jedna vrána --  |t Španělská --  |t Ve stínu palem --  |t Radotín --  |t Šátek 
511 1 |a Bartas Band, Beer Sanatorium, Dyk je to jedno, Petr Henych & G. bod, P Jénapiff, Jan Matěj Rak, Qjeten, Pavel Volodkovič, Š.O.K., Štěpán Rak, Vráťa Kydlíček & Barový Mouchy a hosté 
518 |o Nahráno  |d 2009-2011  |p studio Solisko a další 
648 7 |a 2001-2020  |7 ch460601  |2 czenas 
650 0 7 |a populární hudba  |7 ph124352  |y 2001-2020  |2 czenas 
655 7 |a blues  |7 fd1027046  |2 czenas 
655 7 |a jazz  |7 fd992629  |2 czenas 
655 7 |a folk  |7 fd993430  |2 czenas 
655 7 |a rock  |7 fd992602  |2 czenas 
655 7 |a kompaktní disky  |7 fd201991  |2 czenas 
700 1 |a Rak, Jan-Matěj,  |d 1977-  |7 xx0071083  |4 cmp  |4 itr  |4 lyr  |4 sng 
700 1 |a Volodkovič, Pavel  |4 cmp  |4 itr  |4 lyr  |4 sng 
700 1 |a Rak, Štěpán,  |d 1945-  |7 jn19990209709  |4 cmp  |4 itr 
700 1 |a Kydlíček, Vratislav  |7 xx0170253  |4 cmp  |4 prf 
710 2 |a Bartas Band  |4 prf 
710 2 |a Beer Sanatorium (hudební skupina)  |4 prf 
710 2 |a Dyk je to jedno (hudební skupina)  |4 prf 
710 2 |a Petr Henych & G. bod (hudební skupina)  |4 prf 
710 2 |a P Jénapiff (hudební skupina)  |4 prf 
710 2 |a Qjeten (hudební skupina)  |4 prf 
710 2 |a Š.O.K. (hudební skupina)  |4 prf 
710 2 |a Barový Mouchy (hudební skupina)  |4 prf 
910 |a BOA001  |b CDR-1522.212 
990 |a AV 
991 |b 202404 
996 6 |b 2610964022  |c CDR-1522.212  |l MZK  |r Sklad / do 24 hodin  |n 0  |p p.v.  |w 001956592  |u 000010  |a 1  |e BOA001  |j MZK50  |s P